| 000 | 00989nam a2200205 a 4500 | ||
|---|---|---|---|
| 001 | 000042206 | ||
| 005 | 20201002040015.0 | ||
| 008 | 131119s2004 sp g 000 0 spa d | ||
| 020 | _a840008277X | ||
| 040 |
_aDO-SdBNP _bspa _cBNPHU |
||
| 100 | 1 |
_aEzquerro Esteban, Antonio _963970 |
|
| 245 | 1 | 0 |
_aMúsica Instrumental en las Catedrales Españolas en la Época Ilustrada : _b[Música impresa] :conciertos, versos y sonatas, para chirimía, oboe, flauta y bajón - con violines y/u órgano - de la Seo y El Pilar de Zaragoza / _cestudio y edición, Antonio Ezquerro Esteban. |
| 260 |
_aBarcelona : _bCSIC, _c2004. |
||
| 300 |
_a303 p. : _bil., mús. ; _c32 cm. |
||
| 490 | 1 |
_aMonumentos de la música española _v69 |
|
| 504 | _aIncluye referencias bibliográficas y notas al pie de las páginas | ||
| 700 | 1 |
_aEzquerro Esteban, Antonio _eed. _963970 |
|
| 710 | 2 |
_aInstitució Milà i Fontanals, Departamento de Musicología, _969224 |
|
| 830 | 0 |
_aMonumentos de la música española _v69 _965588 |
|
| 999 |
_c41695 _d41695 |
||